000 00756nam a22002417a 4500
003 UA-OsUOA
001 48783
007 ta
008 20130812b un ||||| |||| 00| 0 ukr d
100 _aСиротин М.М.
090 _a929
_bС40
942 _cBK
040 _aUA-OsUOA
_bukr
_cUA-OsUOA
_dUA-OsUOA
245 _aОлександер Олександрович Богомолець
300 _a73 с.
955 _a1
041 _aukr
080 _a929
260 _aК.
_bВидавництво Академії наук УРСР
_c1959
650 7 _a9 Географія. Біографії. Історія
_2UDC
999 _c428909
_d428909